[Event "SV Letmathe 1 - SC Hansa Dortmund 2"]
[Site "NRW-Klasse, Gruppe 2 2013/201"]
[Date "2014.04.27"]
[Round "9.1"]
[White "Kotter, Ralf"]
[Black "Podzielny, Karl-Heinz"]
[Result "0-1"]
[WhiteElo "2293"]
[BlackElo "2388"]
[PlyCount "100"]
[EventDate "2014.??.??"]
[WhiteTeam "SC Hansa Dortmund 2"]
[BlackTeam "SV Letmathe 1"]

1. e4 c5 2. Nf3 e6 3. d4 cxd4 4. Nxd4 a6 5. Bd3 Nf6 6. O-O Qc7 7. Qe2 d6 8. c4
g6 9. Nc3 Bg7 10. Rd1 Nc6 11. Nxc6 bxc6 12. Be3 O-O 13. Rac1 c5 14. f3 Nd7 15.
Qd2 Ne5 16. Be2 Rd8 17. Bg5 Rd7 18. Bh6 Bh8 19. f4 Nc6 20. Rf1 Nd4 21. Bd3 f5
22. exf5 gxf5 23. Ne2 Bb7 24. Nxd4 Bxd4+ 25. Kh1 Rf7 26. Be2 Kh8 27. Bf3 Rg8
28. Rc2 Rg6 29. Bg5 Rfg7 30. Qe1 h6 31. Bh4 e5 32. b4 Bxf3 33. Rxf3 Qb7 34. Bg3
e4 35. Rb3 e3 36. Qe2 Qe4 37. Qd3 Re6 38. Re2 cxb4 39. Qxe4 Rxe4 40. Rxb4 Bc5
41. Rb1 Rxc4 42. Bh4 Rd7 43. g3 Kg7 44. Kg2 d5 45. Rd1 Rc3 46. g4 d4 47. Be1
Ra3 48. Rc2 Be7 49. Bc3 Rxc3 50. Rxc3 e2 0-1

[Event "SV Letmathe 1 - SC Hansa Dortmund 2"]
[Site "NRW-Klasse, Gruppe 2 2013/201"]
[Date "2014.04.27"]
[Round "9.2"]
[White "Oswald, Hans-Joachim"]
[Black "Karger, Frank"]
[Result "1/2-1/2"]
[WhiteElo "2190"]
[BlackElo "2237"]
[PlyCount "35"]
[EventDate "2014.??.??"]
[WhiteTeam "SV Letmathe 1"]
[BlackTeam "SC Hansa Dortmund 2"]

1. Nf3 Nf6 2. c4 c5 3. g3 b6 4. Bg2 Bb7 5. O-O e6 6. Nc3 a6 7. Re1 d6 8. e4 Be7
9. d4 cxd4 10. Nxd4 Qc7 11. Be3 Nbd7 12. Rc1 O-O 13. f4 Rfe8 14. f5 Nf8 15. g4
h6 16. g5 hxg5 17. Bxg5 N6d7 18. Bxe7 1/2-1/2

[Event "SV Letmathe 1 - SC Hansa Dortmund 2"]
[Site "NRW-Klasse, Gruppe 2 2013/201"]
[Date "2014.04.27"]
[Round "9.3"]
[White "Sundorf, Jannik"]
[Black "Soukup, Jiri"]
[Result "1/2-1/2"]
[WhiteElo "2120"]
[BlackElo "2273"]
[PlyCount "92"]
[EventDate "2014.??.??"]
[WhiteTeam "SC Hansa Dortmund 2"]
[BlackTeam "SV Letmathe 1"]

1. d4 f5 2. e4 fxe4 3. Nc3 Nf6 4. Bg5 c6 5. f3 Qa5 6. Qd2 e3 7. Bxe3 b5 8. Ne4
Qxd2+ 9. Bxd2 d6 10. a4 bxa4 11. Rxa4 d5 12. Nxf6+ exf6 13. Bd3 Nd7 14. Ne2 c5
15. dxc5 Bxc5 16. b4 Bb6 17. Bb5 Bb7 18. Bc3 a6 19. Bxd7+ Kxd7 20. Bd4 Bc7 21.
Kf2 Bc6 22. Ra3 Bb5 23. Bc5 Rhe8 24. Nd4 Bc4 25. g3 h5 26. Re1 Rxe1 27. Kxe1
Re8+ 28. Kf2 h4 29. f4 g6 30. Re3 Rxe3 31. Kxe3 h3 32. Kf2 g5 33. f5 g4 34. Ne6
Be5 35. Nd4 Ba2 36. Ne6 Bb1 37. Nd4 Ke8 38. c3 Be4 39. Bb6 Kd7 40. Bc5 Ke8 41.
Bb6 Kf7 42. Bc5 Kg8 43. Kg1 Kg7 44. Ne6+ Kh7 45. Bd4 Bb8 46. Nc5 Bxf5 1/2-1/2

[Event "SV Letmathe 1 - SC Hansa Dortmund 2"]
[Site "NRW-Klasse, Gruppe 2 2013/201"]
[Date "2014.04.27"]
[Round "9.4"]
[White "Gruermann, Martin"]
[Black "Rempel, Eugen"]
[Result "1-0"]
[WhiteElo "2110"]
[BlackElo "2153"]
[PlyCount "151"]
[EventDate "2014.??.??"]
[WhiteTeam "SV Letmathe 1"]
[BlackTeam "SC Hansa Dortmund 2"]

1. Nf3 d5 2. c4 c6 3. cxd5 cxd5 4. d4 Nc6 5. Nc3 Nf6 6. Bf4 Bf5 7. e3 e6 8. Be2
Bd6 9. Bxd6 Qxd6 10. O-O O-O 11. a3 Rac8 12. b4 Ne4 13. Nxe4 Bxe4 14. Qd2 Rc7
15. Rfc1 Rfc8 16. Ne1 Nb8 17. Bd3 Nd7 18. f3 Bg6 19. Bxg6 hxg6 20. Nd3 Nb6 21.
Rxc7 Rxc7 22. b5 Nc4 23. Qb4 Qd8 24. Re1 Qg5 25. f4 Qf5 26. Qc3 Rc8 27. Rc1 g5
28. fxg5 Qxg5 29. Qe1 Rd8 30. Nf4 b6 31. a4 g6 32. Qf2 Kg7 33. h3 Qf5 34. Rf1
Rd7 35. Qg3 Kh7 36. Qh4+ Kg8 37. Rf3 Nd6 38. Nxg6 Qb1+ 39. Kh2 fxg6 40. Qf6 Qe4
41. Rf4 Rf7 42. Qd8+ Kg7 43. Rxe4 Nxe4 44. Qe8 Kf6 45. Qh8+ Ke7 46. Qc8 g5 47.
Kg1 Kf6 48. Qd8+ Kg7 49. g4 Kg6 50. Qe8 Kf6 51. Kg2 Re7 52. Qh8+ Rg7 53. Kf3
Nd2+ 54. Ke2 Ne4 55. Kd3 Nf2+ 56. Kc2 Ne4 57. Kb2 Kf7 58. Qd8 Kg6 59. Ka3 Rf7
60. Qe8 Kf6 61. a5 bxa5 62. Ka4 Nd2 63. Qd8+ Kg6 64. Qg8+ Kf6 65. h4 gxh4 66.
g5+ Ke7 67. g6 Rf1 68. Kxa5 Ra1+ 69. Kb4 Rb1+ 70. Kc3 Ne4+ 71. Kc2 Re1 72. Qf7+
Kd6 73. g7 Re2+ 74. Kb3 Rxe3+ 75. Kb4 Re2 76. g8=Q 1-0

[Event "SV Letmathe 1 - SC Hansa Dortmund 2"]
[Site "NRW-Klasse, Gruppe 2 2013/201"]
[Date "2014.04.27"]
[Round "9.5"]
[White "Linker, Walter"]
[Black "Haude, Ruediger"]
[Result "1/2-1/2"]
[WhiteElo "2056"]
[BlackElo "2030"]
[PlyCount "45"]
[EventDate "2014.??.??"]
[WhiteTeam "SC Hansa Dortmund 2"]
[BlackTeam "SV Letmathe 1"]

1. f4 d5 2. Nf3 c5 3. e3 Nc6 4. Bb5 Bg4 5. Bxc6+ bxc6 6. b3 e6 7. Bb2 Nf6 8. d3
Qb6 9. Qe2 c4 10. O-O Bc5 11. d4 Bd6 12. Nc3 O-O 13. h3 Bxf3 14. Qxf3 Nd7 15.
Qe2 f5 16. Rfb1 cxb3 17. axb3 Rfb8 18. Ra6 Qc7 19. Rba1 Rb6 20. R6a2 Rb7 21.
Ra6 Rb6 22. R6a2 Rb7 23. Ra6 1/2-1/2

[Event "SV Letmathe 1 - SC Hansa Dortmund 2"]
[Site "NRW-Klasse, Gruppe 2 2013/201"]
[Date "2014.04.27"]
[Round "9.6"]
[White "Pfleger, Sascha"]
[Black "Burchert, Wolfgang"]
[Result "1-0"]
[WhiteElo "2004"]
[BlackElo "2045"]
[PlyCount "73"]
[EventDate "2014.??.??"]
[WhiteTeam "SV Letmathe 1"]
[BlackTeam "SC Hansa Dortmund 2"]

1. d4 Nf6 2. c4 e6 3. Bg5 c5 4. d5 exd5 5. cxd5 Qa5+ 6. Bd2 Qd8 7. Nc3 d6 8. e4
g6 9. Nf3 Bg7 10. h3 O-O 11. Bd3 Na6 12. O-O Nc7 13. a4 b6 14. Qe2 Re8 15. Bf4
Nfxd5 16. Nxd5 Nxd5 17. Bg3 Nf6 18. Rad1 Bb7 19. e5 Nd7 20. Bb5 d5 21. Ng5 h6
22. Nxf7 Kxf7 23. f4 Re6 24. f5 gxf5 25. Qh5+ Kg8 26. Rxf5 Re7 27. Bh4 Nxe5 28.
Rdf1 a6 29. Rxe5 Bxe5 30. Qg6+ Rg7 31. Qe6+ Kh8 32. Bxd8 Bd4+ 33. Kh2 Rxd8 34.
Bd3 c4 35. Qxh6+ Kg8 36. Qe6+ Kh8 37. Bf5 1-0

[Event "SV Letmathe 1 - SC Hansa Dortmund 2"]
[Site "NRW-Klasse, Gruppe 2 2013/201"]
[Date "2014.04.27"]
[Round "9.7"]
[White "Zelt, Jens"]
[Black "Kalnik, Heinrich"]
[Result "1/2-1/2"]
[WhiteElo "1994"]
[BlackElo "1957"]
[PlyCount "129"]
[EventDate "2014.??.??"]
[WhiteTeam "SC Hansa Dortmund 2"]
[BlackTeam "SV Letmathe 1"]

1. d4 d5 2. Nf3 Nf6 3. Bf4 e6 4. c3 Bd6 5. Bg3 Ne4 6. Nbd2 Nxg3 7. hxg3 Nd7 8.
Qc2 g6 9. e4 dxe4 10. Nxe4 Be7 11. Bd3 b6 12. O-O-O Bb7 13. Ne5 Nxe5 14. dxe5
Qd5 15. f4 Qxa2 16. c4 Bc6 17. Nc3 Qa1+ 18. Kd2 Qa5 19. Be4 Qc5 20. Bxc6+ Qxc6
21. Ne4 O-O-O+ 22. Kc1 Rxd1+ 23. Rxd1 Rd8 24. Rxd8+ Bxd8 25. Kb1 Be7 26. Qd3
Qd7 27. Qe2 Qd4 28. Ka2 Kb7 29. Kb3 c6 30. Ka2 a6 31. Kb1 a5 32. Ka2 Kc7 33.
Kb1 h5 34. Ka2 Kd8 35. Kb1 Ke8 36. Ka2 Kf8 37. Kb1 Kg7 38. Kc2 b5 39. cxb5 Qa4+
40. Kb1 Qxb5 41. Qc2 a4 42. Nd6 Qb4 43. Qxc6 a3 44. Qc3 Qxb2+ 45. Qxb2 axb2 46.
Kxb2 Bxd6 47. exd6 Kf8 48. Kc3 Ke8 49. Kd4 f6 50. Kc4 Kd7 51. Kc5 f5 52. Kc4
Kxd6 53. Kd4 Kd7 54. Kd3 Ke7 55. Ke3 e5 56. fxe5 g5 57. Kd3 Ke6 58. Kd4 g4 59.
Kd3 Kxe5 60. Ke3 Ke6 61. Ke2 Kf6 62. Kf2 Ke6 63. Ke2 Kd5 64. Kd3 Ke6 65. Ke2
1/2-1/2

[Event "SV Letmathe 1 - SC Hansa Dortmund 2"]
[Site "NRW-Klasse, Gruppe 2 2013/201"]
[Date "2014.04.27"]
[Round "9.8"]
[White "Demin, Wladimir"]
[Black "Lucht, Roland"]
[Result "0-1"]
[WhiteElo "1763"]
[BlackElo "2051"]
[PlyCount "64"]
[EventDate "2014.??.??"]
[WhiteTeam "SV Letmathe 1"]
[BlackTeam "SC Hansa Dortmund 2"]

1. d4 Nf6 2. c4 d6 3. Nc3 e5 4. dxe5 dxe5 5. Qxd8+ Kxd8 6. Nf3 Nfd7 7. Ng5 Ke8
8. e4 Bb4 9. Bd2 Nc5 10. f3 f6 11. Nh3 Bxh3 12. gxh3 Nc6 13. Rd1 Nd4 14. Kf2 c6
15. a3 Bxc3 16. Bxc3 Rd8 17. b4 Nce6 18. h4 Ke7 19. Bd3 Rd7 20. Bb1 Rhd8 21.
Rhe1 Nf4 22. Rd2 Nb3 23. Rxd7+ Rxd7 24. Kg3 Nd2 25. b5 c5 26. Bc2 Nxc4 27. a4
Na3 28. Bd1 Rxd1 29. Rxd1 Ne2+ 30. Kf2 Nxc3 31. Ra1 Ncb1 32. Ke1 Nc2+ 0-1

[Event "SVG Plettenberg 1 - SK Holsterhausen 1"]
[Site "NRW-Klasse, Gruppe 2 2013/201"]
[Date "2014.04.27"]
[Round "9.1"]
[White "Bee, Marcus"]
[Black "Haub, Thorsten Michael"]
[Result "1/2-1/2"]
[WhiteElo "2214"]
[BlackElo "2425"]
[PlyCount "27"]
[EventDate "2014.??.??"]
[WhiteTeam "SK Holsterhausen 1"]
[BlackTeam "SVG Plettenberg 1"]

1. d4 g6 2. e4 Bg7 3. Nc3 d6 4. g3 Nc6 5. Be3 Nf6 6. h3 O-O 7. Bg2 e5 8. Nge2
exd4 9. Nxd4 Bd7 10. O-O Re8 11. Re1 Nxd4 12. Bxd4 Bc6 13. Qd3 Qd7 14. b4
1/2-1/2

[Event "SVG Plettenberg 1 - SK Holsterhausen 1"]
[Site "NRW-Klasse, Gruppe 2 2013/201"]
[Date "2014.04.27"]
[Round "9.3"]
[White "Walbaum, Klaus"]
[Black "Klip, Hans"]
[Result "0-1"]
[WhiteElo "2141"]
[BlackElo "2300"]
[PlyCount "60"]
[EventDate "2014.??.??"]
[WhiteTeam "SK Holsterhausen 1"]
[BlackTeam "SVG Plettenberg 1"]

1. Nf3 f5 2. c4 Nf6 3. e3 g6 4. Be2 Bg7 5. Qc2 O-O 6. d3 Nc6 7. a3 a5 8. b3 e5
9. Nbd2 d6 10. Bb2 Qe7 11. h3 Bd7 12. Rc1 Rae8 13. Qb1 e4 14. dxe4 fxe4 15. Nd4
Ne5 16. Nxe4 c5 17. Nb5 Nxe4 18. Qxe4 Bc6 19. Qc2 Bxg2 20. Rg1 Bxh3 21. Bxe5
Bxe5 22. Bg4 Bh2 23. Rh1 Qh4 24. Rxh2 Qxg4 25. Kd2 Qh4 26. Kc3 Qf6+ 27. Kd2 Qe5
28. Rg1 Rxf2+ 29. Rxf2 Qxe3+ 30. Kd1 Bg4+ 0-1

[Event "SVG Plettenberg 1 - SK Holsterhausen 1"]
[Site "NRW-Klasse, Gruppe 2 2013/201"]
[Date "2014.04.27"]
[Round "9.5"]
[White "Dergatschova-Daus, Anna"]
[Black "Bouaraba, Max"]
[Result "1/2-1/2"]
[WhiteElo "2197"]
[BlackElo "2156"]
[PlyCount "105"]
[EventDate "2014.??.??"]
[WhiteTeam "SK Holsterhausen 1"]
[BlackTeam "SVG Plettenberg 1"]

1. e4 d5 2. e5 c5 3. Bb5+ Nc6 4. Nf3 Bg4 5. O-O Qb6 6. c4 a6 7. Qa4 Bxf3 8.
Bxc6+ Qxc6 9. Qxc6+ bxc6 10. gxf3 e6 11. f4 Nh6 12. Nc3 dxc4 13. b3 Rd8 14. Re1
Rd4 15. Re4 Be7 16. bxc4 Kd7 17. Rb1 Kc7 18. f3 Rhd8 19. Rb3 g5 20. Ne2 Rxe4
21. fxe4 gxf4 22. d3 Rg8+ 23. Kf1 f3 24. Ng1 f2 25. Nf3 Ng4 26. h3 Nh2+ 27.
Kxf2 Nxf3 28. Kxf3 Rg1 29. Bd2 Bh4 30. Ba5+ Kc8 31. Rb6 Rg3+ 32. Kf4 Rxd3 33.
Rxc6+ Kb8 34. Kg4 Bf2 35. h4 Rg3+ 36. Kf4 Ra3 37. Rxa6 Kb7 38. Rb6+ Ka7 39. Rb5
Bxh4 40. Bb6+ Ka8 41. Rxc5 Rxa2 42. Rc7 Bd8 43. Rc8+ Kb7 44. Rxd8 Kxb6 45. Kg5
Kc5 46. Kf6 Rf2+ 47. Kg7 Kxc4 48. Kxh7 Rf4 49. Kg7 Rxe4 50. Kxf7 Rxe5 51. Rd6
Re1 52. Rxe6 Rxe6 53. Kxe6 1/2-1/2

[Event "SVG Plettenberg 1 - SK Holsterhausen 1"]
[Site "NRW-Klasse, Gruppe 2 2013/201"]
[Date "2014.04.27"]
[Round "9.6"]
[White "Jansen, Dirk Norbert"]
[Black "Bobzin, Pierre"]
[Result "1/2-1/2"]
[WhiteElo "2134"]
[BlackElo "2067"]
[PlyCount "53"]
[EventDate "2014.??.??"]
[WhiteTeam "SVG Plettenberg 1"]
[BlackTeam "SK Holsterhausen 1"]

1. e4 c6 2. d4 d5 3. Nc3 dxe4 4. Nxe4 Nf6 5. Nxf6+ exf6 6. c3 Bd6 7. Bd3 O-O 8.
Qc2 Re8+ 9. Ne2 g6 10. h4 Nd7 11. h5 Nf8 12. hxg6 fxg6 13. Bd2 Be6 14. c4 Rb8
15. O-O-O Bf5 16. Bxf5 Rxe2 17. c5 gxf5 18. Qc4+ Re6 19. Bh6 Qd7 20. cxd6 Qxd6
21. Qb3 Rbe8 22. Qh3 R6e7 23. g4 Qe6 24. gxf5 Qxa2 25. Qg2+ Kh8 26. Rhg1 Qf7
27. Be3 1/2-1/2

[Event "SVG Plettenberg 1 - SK Holsterhausen 1"]
[Site "NRW-Klasse, Gruppe 2 2013/201"]
[Date "2014.04.27"]
[Round "9.8"]
[White "Schulze, Marc"]
[Black "Tecklenborg, Georg"]
[Result "0-1"]
[WhiteElo "2072"]
[BlackElo "1738"]
[PlyCount "48"]
[EventDate "2014.??.??"]
[WhiteTeam "SVG Plettenberg 1"]
[BlackTeam "SK Holsterhausen 1"]

1. d4 d5 2. Bf4 e6 3. Nf3 Nd7 4. e3 f5 5. c4 Ngf6 6. Nc3 c6 7. Rc1 Be7 8. cxd5
exd5 9. Bd3 Ne4 10. Nxd5 cxd5 11. O-O O-O 12. Qb3 Ndf6 13. Rc7 Bd6 14. Bxd6
Qxd6 15. Rfc1 Ng4 16. Qa3 Qxa3 17. bxa3 Ngxf2 18. Bc2 Ng4 19. Bb3 Nxe3 20. Re7
Nc4 21. Bxc4 dxc4 22. Rxc4 Nd6 23. Rcc7 Ne8 24. d5 Nxc7 0-1

[Event "LSV Turm Lippstadt 1 - SV Würselen 1"]
[Site "NRW-Klasse, Gruppe 2 2013/201"]
[Date "2014.04.27"]
[Round "9.1"]
[White "Hovhanisian, Mher"]
[Black "Wehmeier, Stefan"]
[Result "1-0"]
[WhiteElo "2499"]
[BlackElo "2411"]
[PlyCount "103"]
[EventDate "2014.??.??"]
[WhiteTeam "SV Würselen 1"]
[BlackTeam "LSV Turm Lippstadt 1"]

1. e4 e5 2. Nf3 Nc6 3. Nc3 Nf6 4. Bb5 Nd4 5. Bc4 Bc5 6. Nxe5 Qe7 7. Nf3 d5 8.
Nxd5 Qxe4+ 9. Ne3 O-O 10. Nxd4 Bxd4 11. d3 Qh4 12. O-O Bg4 13. Qd2 Rae8 14. c3
Be5 15. f4 Bd6 16. Qf2 Qh5 17. h3 Bd7 18. Bd2 Bc6 19. Rae1 b5 20. Bb3 Qc5 21.
Ng4 Qxf2+ 22. Kxf2 Nd5 23. Ne5 Bb7 24. g3 Re7 25. Nf3 c5 26. Rxe7 Nxe7 27. Re1
h6 28. Ne5 Bd5 29. c4 bxc4 30. Bxc4 Rd8 31. Bc3 Bc7 32. Ng4 Nf5 33. Bxd5 Rxd5
34. Re8+ Kh7 35. Ne3 Nxe3 36. Kxe3 Rd7 37. a4 f5 38. Re6 Kg8 39. g4 fxg4 40.
hxg4 Kf7 41. f5 Bh2 42. Ke4 Bg1 43. a5 Bf2 44. a6 Bd4 45. Rc6 Kg8 46. Rc8+ Kh7
47. Ra8 h5 48. gxh5 Kh6 49. Bxd4 Rxd4+ 50. Ke5 Rb4 51. Rxa7 Rxb2 52. Rb7 1-0

[Event "LSV Turm Lippstadt 1 - SV Würselen 1"]
[Site "NRW-Klasse, Gruppe 2 2013/201"]
[Date "2014.04.27"]
[Round "9.2"]
[White "Matthias, Heiner"]
[Black "Goossens, Etienne"]
[Result "1-0"]
[WhiteElo "2311"]
[BlackElo "2209"]
[PlyCount "59"]
[EventDate "2014.??.??"]
[WhiteTeam "LSV Turm Lippstadt 1"]
[BlackTeam "SV Würselen 1"]

1. d4 e6 2. Nf3 d5 3. c4 Nf6 4. Nc3 Be7 5. Bg5 h6 6. Bh4 O-O 7. e3 b6 8. Bd3
Bb7 9. Bxf6 Bxf6 10. cxd5 exd5 11. b4 c5 12. bxc5 bxc5 13. Rb1 cxd4 14. Nxd4
Bxd4 15. exd4 Re8+ 16. Ne2 Ba6 17. O-O Qa5 18. Nf4 Bxd3 19. Qxd3 Nc6 20. Rfc1
Rab8 21. Rxb8 Rxb8 22. g3 Nb4 23. Qf5 Re8 24. Kg2 Nxa2 25. Rc8 Rxc8 26. Qxc8+
Kh7 27. Qf5+ Kg8 28. Nxd5 Qd8 29. Qe5 Qd7 30. Qb8+ 1-0

[Event "LSV Turm Lippstadt 1 - SV Würselen 1"]
[Site "NRW-Klasse, Gruppe 2 2013/201"]
[Date "2014.04.27"]
[Round "9.3"]
[White "Hamblok, Roel"]
[Black "Schroeder, Kevin"]
[Result "0-1"]
[WhiteElo "2270"]
[BlackElo "2171"]
[PlyCount "70"]
[EventDate "2014.??.??"]
[WhiteTeam "SV Würselen 1"]
[BlackTeam "LSV Turm Lippstadt 1"]

1. e4 e5 2. Bc4 Nf6 3. d3 c6 4. Nf3 d5 5. Bb3 Bg4 6. h3 Bxf3 7. Qxf3 dxe4 8.
dxe4 Nbd7 9. c3 Be7 10. Nd2 O-O 11. Nf1 Nc5 12. Bc2 Qd7 13. Ng3 g6 14. O-O Rfd8
15. Bh6 Qe8 16. Kh1 Nfd7 17. Rad1 Bf8 18. Bg5 Be7 19. Be3 Ne6 20. Qg4 Nf6 21.
Rxd8 Rxd8 22. Qf3 Nd7 23. Rd1 Bc5 24. Bc1 Qe7 25. Kg1 Bb6 26. Bh6 Qh4 27. Bc1
Ng5 28. Qg4 Qxg4 29. hxg4 Ne6 30. Ne2 Nf6 31. Rxd8+ Nxd8 32. g5 Ng4 33. Kf1
Bxf2 34. Bb3 Bb6 35. Ng1 Nh2+ 0-1

[Event "LSV Turm Lippstadt 1 - SV Würselen 1"]
[Site "NRW-Klasse, Gruppe 2 2013/201"]
[Date "2014.04.27"]
[Round "9.4"]
[White "Fecke, Andreas"]
[Black "Verstraeten, Reinaert"]
[Result "1-0"]
[WhiteElo "2127"]
[BlackElo "2263"]
[PlyCount "39"]
[EventDate "2014.??.??"]
[WhiteTeam "LSV Turm Lippstadt 1"]
[BlackTeam "SV Würselen 1"]

1. e4 c5 2. Nf3 Nc6 3. b4 Nxb4 4. c3 Nc6 5. d4 d5 6. exd5 Qxd5 7. Na3 Bg4 8.
Bc4 Bxf3 9. gxf3 Qf5 10. d5 Ne5 11. Qa4+ Nd7 12. Nb5 Qxf3 13. Rg1 Nb6 14. Nd6+
Kd8 15. Nxb7+ Kc7 16. Qc6+ Kb8 17. Nxc5 Qxc3+ 18. Bd2 Qxa1+ 19. Ke2 Qe5+ 20.
Kf1 1-0

[Event "LSV Turm Lippstadt 1 - SV Würselen 1"]
[Site "NRW-Klasse, Gruppe 2 2013/201"]
[Date "2014.04.27"]
[Round "9.5"]
[White "Andok, Claus Michael"]
[Black "Wagner, Alexej"]
[Result "1/2-1/2"]
[WhiteElo "2079"]
[BlackElo "2232"]
[PlyCount "87"]
[EventDate "2014.??.??"]
[WhiteTeam "SV Würselen 1"]
[BlackTeam "LSV Turm Lippstadt 1"]

1. e4 c5 2. Nf3 d6 3. d3 Nc6 4. g3 g6 5. Bg2 Bg7 6. O-O e5 7. a4 Nge7 8. Na3
O-O 9. c3 b6 10. Bg5 h6 11. Bxe7 Qxe7 12. Nc4 Bb7 13. a5 b5 14. a6 Bc8 15. Ne3
Qd8 16. Ne1 Rb8 17. h4 Rb6 18. h5 Rxa6 19. Rxa6 Bxa6 20. Nf3 Kh7 21. Qb3 Qb8
22. Ra1 Bc8 23. Qd5 Ne7 24. Qa2 a6 25. Kh2 g5 26. g4 Bb7 27. Nd2 Qc8 28. Nf5
Nxf5 29. exf5 Bxg2 30. Kxg2 Qb7+ 31. f3 Ra8 32. Ne4 a5 33. Nxd6 Qc6 34. Ne4 Ra7
35. Qa3 c4 36. dxc4 Qxc4 37. Qc5 Qxc5 38. Nxc5 Bf8 39. Ne4 a4 40. Kf2 Be7 41.
Rd1 f6 42. Rd5 Rb7 43. Ke3 Kg7 44. Kd3 1/2-1/2

[Event "LSV Turm Lippstadt 1 - SV Würselen 1"]
[Site "NRW-Klasse, Gruppe 2 2013/201"]
[Date "2014.04.27"]
[Round "9.6"]
[White "Roemhild, Marcus"]
[Black "Bien, Stefan"]
[Result "1/2-1/2"]
[WhiteElo "2029"]
[BlackElo "2050"]
[Annotator "Doe,John"]
[PlyCount "93"]
[EventDate "2014.??.??"]
[WhiteTeam "LSV Turm Lippstadt 1"]
[BlackTeam "SV Würselen 1"]

1. c4 c6 2. g3 d5 3. Bg2 Nf6 4. Nf3 e6 5. b3 Be7 6. Bb2 O-O 7. O-O Nbd7 8. d3
b6 9. Nbd2 Bb7 10. Qc2 Rc8 11. Rac1 c5 12. e3 Qc7 13. Rfd1 Rfd8 14. Qb1 Qb8 15.
Qa1 Ne8 16. cxd5 Bxd5 17. d4 Qb7 18. Qb1 Nd6 19. Ne1 Bxg2 20. Nxg2 cxd4 21.
Bxd4 Nb5 22. Bb2 Rxc1 23. Qxc1 Rc8 24. Qa1 f6 25. Nc4 Rc6 26. Nf4 Nf8 27. Qb1
Nd6 $11 28. Nxd6 Rxd6 29. Rxd6 Bxd6 30. Ne2 Bc5 31. Qd3 Qd7 32. Qxd7 Nxd7 33.
Nf4 Kf7 34. Kf1 Bd6 35. Nd3 g6 36. Ke2 e5 37. e4 Ke6 38. f3 f5 39. Bc3 Nf6 40.
Nf2 Bc5 41. exf5+ gxf5 42. Nd3 Nd7 43. h3 Bd6 44. g4 Be7 45. Ke3 Bc5+ 46. Ke2
Be7 47. Ke3 1/2-1/2

[Event "LSV Turm Lippstadt 1 - SV Würselen 1"]
[Site "NRW-Klasse, Gruppe 2 2013/201"]
[Date "2014.04.27"]
[Round "9.7"]
[White "Kinderreich, Toni"]
[Black "Grobbel, Rainer"]
[Result "1/2-1/2"]
[WhiteElo "2061"]
[BlackElo "2089"]
[Annotator "Doe,John"]
[PlyCount "69"]
[EventDate "2014.??.??"]
[WhiteTeam "SV Würselen 1"]
[BlackTeam "LSV Turm Lippstadt 1"]

1. Nf3 g6 2. d4 Nf6 3. Bf4 Bg7 4. e3 O-O 5. Nbd2 b6 6. Be2 Bb7 7. c3 d6 8. Qc2
Nbd7 9. O-O Re8 10. Rad1 $11 e5 11. dxe5 dxe5 12. Bg3 Qe7 13. Nc4 Ne4 14. Bh4
f6 15. b4 Red8 16. Nfd2 Nxd2 17. Rxd2 Nf8 18. Rfd1 Rxd2 19. Rxd2 e4 20. Qb3 Kh8
21. Qd1 g5 22. Bg3 f5 23. Rd5 Bxd5 24. Qxd5 Rd8 25. Qxf5 Bxc3 26. Ne5 Rd2 27.
Bh5 Kg7 28. Nc6 Qf6 29. Qxe4 Rxa2 30. h4 Ng6 31. Bxg6 Qxg6 32. Qe7+ Qf7 33.
Qxg5+ Qg6 34. Qe7+ Qf7 35. Qg5+ 1/2-1/2

[Event "LSV Turm Lippstadt 1 - SV Würselen 1"]
[Site "NRW-Klasse, Gruppe 2 2013/201"]
[Date "2014.04.27"]
[Round "9.8"]
[White "Kuckling, Hannah"]
[Black "Blagojevic, Lubo"]
[Result "0-1"]
[WhiteElo "1991"]
[BlackElo "2033"]
[PlyCount "82"]
[EventDate "2014.??.??"]
[WhiteTeam "LSV Turm Lippstadt 1"]
[BlackTeam "SV Würselen 1"]

1. e4 e5 2. Nf3 d6 3. d4 exd4 4. Nxd4 Nf6 5. Nc3 Be7 6. Bc4 Nc6 7. Nxc6 bxc6 8.
O-O O-O 9. Re1 Ng4 10. Bb3 Bf6 11. Ne2 Be5 12. h3 Qh4 13. hxg4 Qh2+ 14. Kf1
Qh1+ 15. Ng1 Bh2 16. Qf3 Bxg1 17. Bg5 h6 18. Be7 Ba6+ 19. c4 Rfe8 20. Bxd6 cxd6
21. Ke2 Qh4 22. Rxg1 d5 23. Rh1 Qg5 24. Rh5 Qg6 25. Kf1 dxc4 26. Ra5 c5 27. Qe2
Bb7 28. Qxc4 Bxe4 29. Kg1 Bd3 30. Qxc5 a6 31. Qh5 Qf6 32. Rd1 Bg6 33. Qc5 Rac8
34. Qd6 Re1+ 35. Rxe1 Qxd6 36. Rae5 Kh7 37. R5e2 Qd4 38. Re7 Qxg4 39. Bxf7 Bxf7
40. Rxf7 Rc2 41. Ra7 Qd4 0-1

[Event "SG Solingen 3 - SK Herne-Sodingen 1"]
[Site "NRW-Klasse, Gruppe 2 2013/201"]
[Date "2014.04.27"]
[Round "9.1"]
[White "Langers, Alexander"]
[Black "Kniest, Oliver"]
[Result "0-1"]
[WhiteElo "2177"]
[BlackElo "2225"]
[PlyCount "132"]
[EventDate "2014.??.??"]
[WhiteTeam "SK Herne-Sodingen 1"]
[BlackTeam "SG Solingen 3"]

1. c4 Nf6 2. Nf3 b6 3. d4 e6 4. Nc3 Bb4 5. Qb3 c5 6. Bg5 h6 7. Bh4 Bb7 8. e3
Nc6 9. Be2 cxd4 10. exd4 Be7 11. O-O O-O 12. d5 Na5 13. Qd1 Nxd5 14. cxd5 Bxh4
15. b4 Rc8 16. Nb5 Nc4 17. Nxa7 Ra8 18. Bxc4 Rxa7 19. Qd3 Bf6 20. Rab1 Qa8 21.
Rfd1 Rc8 22. Qe4 exd5 23. Bxd5 Bxd5 24. Rxd5 Rxa2 25. g3 Rcc2 26. Rf1 Re2 27.
Qf5 Qc6 28. Rxd7 Qe4 29. Qd5 Qxd5 30. Rxd5 Rab2 31. Rb5 Re6 32. Ne1 Rd6 33. Ng2
Bc3 34. Ne3 Rxb4 35. Rf5 Bd4 36. Rd1 Bc5 37. Nd5 Rd4 38. Ne7+ Kf8 39. Re1 Rd1
40. Ng6+ Kg8 41. Ne7+ Kh7 42. Rf1 R6d2 43. Nc6 Kg6 44. g4 f6 45. Rxd1 Rxd1+ 46.
Kg2 Rd2 47. h3 Kf7 48. Ne5+ Ke6 49. Ng6 Kd6 50. Rf3 Kd5 51. Nf4+ Kc4 52. Nh5 b5
53. Nxg7 b4 54. Rf4+ Bd4 55. Nf5 b3 56. Nxd4 Rxd4 57. Rxf6 b2 58. Rb6 Kc3 59.
Rxb2 Kxb2 60. Kg3 Kc3 61. f4 Rd3+ 62. Kh4 Kd4 63. Kh5 Rxh3+ 64. Kg6 Ke4 65. g5
hxg5 66. fxg5 Ke5 0-1

[Event "SG Solingen 3 - SK Herne-Sodingen 1"]
[Site "NRW-Klasse, Gruppe 2 2013/201"]
[Date "2014.04.27"]
[Round "9.2"]
[White "Hobusch, Alexander"]
[Black "Wickenfeld, Stefan"]
[Result "0-1"]
[WhiteElo "2187"]
[BlackElo "2178"]
[PlyCount "94"]
[EventDate "2014.??.??"]
[WhiteTeam "SG Solingen 3"]
[BlackTeam "SK Herne-Sodingen 1"]

1. d4 d5 2. Nf3 Nf6 3. c4 c6 4. cxd5 cxd5 5. Nc3 Nc6 6. Bf4 Bf5 7. e3 e6 8. Qb3
Bb4 9. Bb5 Qa5 10. O-O Bxc3 11. bxc3 O-O 12. c4 dxc4 13. Bxc4 b6 14. Rfc1 Rac8
15. Bb5 Be4 16. a4 Bd5 17. Qb2 Ne4 18. Ne1 g5 19. Bg3 Qb4 20. Qe2 Nxg3 21. hxg3
Na5 22. Qh5 Qe7 23. Bd3 f6 24. e4 Bb7 25. Nf3 Qf7 26. Qh6 Qg7 27. Qh5 Qf7 28.
Qh6 Qg6 29. Qxg6+ hxg6 30. e5 Bxf3 31. gxf3 Nb3 32. Rxc8 Rxc8 33. Rd1 Nxd4 34.
exf6 Nxf3+ 35. Kg2 Ne5 36. Ba6 Rc5 37. f4 Rc2+ 38. Kf1 gxf4 39. gxf4 Ng4 40.
Rd7 Nxf6 41. Rxa7 Nd5 42. Rb7 Rc7 43. Rb8+ Kf7 44. Kf2 Kf6 45. Kf3 Rc3+ 46. Kg4
Rb3 47. Bc4 Ne3+ 0-1

[Event "SG Solingen 3 - SK Herne-Sodingen 1"]
[Site "NRW-Klasse, Gruppe 2 2013/201"]
[Date "2014.04.27"]
[Round "9.4"]
[White "Auer, Martin"]
[Black "Graw, Christopher"]
[Result "1/2-1/2"]
[WhiteElo "2140"]
[BlackElo "2159"]
[PlyCount "85"]
[EventDate "2014.??.??"]
[WhiteTeam "SG Solingen 3"]
[BlackTeam "SK Herne-Sodingen 1"]

1. e4 c5 2. Nc3 e6 3. f4 Nc6 4. Nf3 a6 5. d3 d5 6. Be2 Nf6 7. O-O Be7 8. Qe1 b5
9. Ne5 Nd4 10. Bd1 b4 11. Ne2 dxe4 12. dxe4 Bb7 13. Ng3 Qc7 14. c3 Nc6 15. Nc4
Na5 16. Nxa5 Qxa5 17. e5 Nd7 18. f5 c4 19. fxe6 fxe6 20. Nh5 Qxe5 21. Qxe5 Nxe5
22. Nxg7+ Kd7 23. Ba4+ Kc8 24. Nxe6 Rg8 25. Rf2 Nd3 26. Re2 Bf3 27. Rd2 Bd5 28.
Re2 Kb7 29. Nd4 Bc5 30. Be3 Rg6 31. Rf1 Rag8 32. g3 bxc3 33. bxc3 Bd6 34. Nf5
Be5 35. Bd4 Re6 36. Bxe5 Nxe5 37. Rb2+ Kc7 38. Nd4 Rh6 39. Re2 Rxg3+ 40. hxg3
Rh1+ 41. Kf2 Nd3+ 42. Ke3 Rxf1 43. Rh2 1/2-1/2